00282 2200121 4500245005600000250001100056100001700067650001600084005001900100260001800119041001400137336000900151 aLAPORAN KARYA SISWAb : KUCINGcATHAYA I.S.NhText aCet. 1 aATHAYA I.S.N aKarya Siswa a20240829115519 aJakartac2024 aIndonesia atext